000
002360000a22000970004500
100
1
_a
Bray, Gerald
245
1
0
_a
Eastern orthodox theology in outline
300
_a
Vol. 14, Núm 1 (1996), Páginas 14-22
773
0
_t
Evangel
942
_c
ANA
999
_c
54196
_d
54196